000 01057cam a22003013a 4500
001 1075
005 20230825165301.0
008 120310s1991 nyua j 000 1 eng d
020 _a078073003990
040 _aIFA
_cIFA
_dJAG
_dDLC
_beng
050 0 0 _aPZ7.D128
082 _aFic
100 1 _aDadey, Debbie.
245 1 0 _aWerewolves don't go to summer camp /
_cby Debbie Dadey and Marcia Thornton Jones ; illustrated by John Steven Gurney.
260 _aNew York :
_bScholastic,
_c1991.
300 _a92 pages :
_billustrations. ;
_c20 cm
490 0 _aLittle apple fiction
_vBook 2
490 1 _aLittle apple
505 _aN
520 _aMr. Jenkins' beard and bare feet have campers at Camp Lone Wolf wondering if he might be a werewolf who comes out at midnight for a snack.
521 _a580
_bLexile
521 _aN
_bRaz-Plus
655 7 _aChildren's stories.
_2lcsh
700 1 _aJones, Marcia Thornton.
700 1 _aGurney, John,
_eillustrator.
906 _a7
_bcbc
_ccopycat
_d2
_encip
_f20
_gy-genrareb
942 _2ddc
_cBK
_n0
999 _c1075
_d1075